| 000 | 00526nam a2200193Ia 4500 | ||
|---|---|---|---|
| 003 | OSt | ||
| 005 | 20140509144458.0 | ||
| 008 | 140130s9999 xx 000 0 und d | ||
| 020 | _a0439515858 | ||
| 050 |
_aPZ 8.3 _b.W199Bu 2003 |
||
| 100 |
_aWalton, Rick. _930881 |
||
| 245 |
_cRick Walton. _aBunny Day : _btelling time from breakfast to bedtime / |
||
| 260 |
_bScholastic Inc, _cc2003. _aUSA : |
||
| 300 |
_a32 p. : _bill. col. ; _c22 cm. |
||
| 440 |
_v1 _930882 |
||
| 942 |
_cBK _2lcc |
||
| 999 |
_c41580 _d41580 |
||